[Event "4NCL Division 4 South"]
[Site "Maidenhead, ENG"]
[Date "2020.01.12"]
[Round "4.106"]
[White "Agnihotri, Aaryan"]
[Black "Matilal, Tamal"]
[Result "0-1"]
[WhiteElo "1562"]
[BlackElo "1374"]
[PlyCount "128"]
[EventDate "2020.01.12"]
[WhiteTeam "Barnet Knights 2"]
[BlackTeam "Oxford 4"]

1. e4 g6 2. d4 c5 3. Nf3 Bg7 4. Be3 Nc6 5. c3 cxd4 6. cxd4 Nf6 7. Bd3 Qa5+ 8.
Nbd2 O-O 9. O-O a6 10. h3 d6 11. a3 b5 12. Nb3 Qc7 13. Qd2 e5 14. d5 Ne7 15.
Bh6 Ne8 16. Bxg7 Nxg7 17. Qh6 f6 18. Rac1 Qa7 19. Na5 Bd7 20. Rc2 Rac8 21. Re2
Kh8 22. Nh4 f5 23. Nc6 Bxc6 24. dxc6 fxe4 25. Bxe4 Rf6 26. Rc2 d5 27. Qg5 Rcxc6
28. Rxc6 Rxc6 29. Bxd5 Rd6 30. Qxe5 Rxd5 31. Qf6 Ng8 32. Qf8 Qe7 33. Qb8 Qxh4
34. Rc1 Qd8 35. Rc8 Rd1+ 36. Kh2 Qd6+ 37. Qxd6 Rxd6 38. Ra8 h5 39. Rf8 Rf6 40.
Rd8 Rxf2 41. Rd6 Rf6 42. Rd2 Nf5 43. g4 hxg4 44. hxg4 Nh4 45. Kg3 g5 46. Rd5
Rf3+ 47. Kh2 Rb3 48. Rxg5 Nf3+ 49. Kg3 Nxg5+ 50. Kh4 Nf3+ 51. Kh5 Kh7 52. g5
Nxg5 53. Kxg5 Rg3+ 54. Kf4 Rg2 55. b4 Kg6 56. Ke5 Nf6 57. Kd6 Kf5 58. Kc6 Ke6
59. Kb6 Kd6 60. Ka5 Ra2 61. Kxa6 Kc6 62. Ka7 Rxa3+ 63. Kb8 Ra6 64. Kc8 Ra8# 0-1

[Event "4NCL Division 4 South"]
[Site "Maidenhead, ENG"]
[Date "2020.01.12"]
[Round "4.111"]
[White "Saidmurodov, Shahjahon"]
[Black "Ogunshola, Ben"]
[Result "0-1"]
[WhiteElo "1891"]
[BlackElo "2163"]
[PlyCount "80"]
[EventDate "2020.01.12"]
[WhiteTeam "CSC 3"]
[BlackTeam "The Pitstop"]

1. e4 c5 2. Nf3 d6 3. d4 cxd4 4. Nxd4 Nf6 5. Nc3 a6 6. f3 e5 7. Nb3 Be6 8. Be3
Be7 9. Qd2 Qc7 10. Nd5 Nxd5 11. exd5 Bf5 12. c4 Nd7 13. Be2 b6 14. O-O O-O 15.
f4 exf4 16. Rxf4 Bg6 17. h4 h6 18. h5 Bh7 19. Bd4 Bg5 20. Rg4 f6 21. Be3 Ne5
22. Bxg5 fxg5 23. Nd4 Bf5 24. Rg3 Rf6 25. Rc1 Raf8 26. b4 Qf7 27. Nxf5 Rxf5 28.
c5 bxc5 29. bxc5 dxc5 30. Rxc5 g4 31. d6 Kh8 32. Rc7 Qxh5 33. Qe3 Qh4 34. d7
Rh5 35. Rh3 Qe1+ 36. Kh2 Nf3+ 37. Qxf3 gxf3 38. Rxh5 Qxe2 39. Kh3 Qxg2+ 40. Kh4
Rf4# 0-1

[Event "4NCL Division 4 South"]
[Site "Maidenhead, ENG"]
[Date "2020.01.12"]
[Round "4.113"]
[White "Homolka, Vincent"]
[Black "Green, George D A"]
[Result "1/2-1/2"]
[WhiteElo "1743"]
[BlackElo "1557"]
[PlyCount "45"]
[EventDate "2020.01.12"]
[WhiteTeam "CSC 3"]
[BlackTeam "The Pitstop"]

1. e4 d6 2. g3 g6 3. Bg2 Bg7 4. d4 Nf6 5. Ne2 O-O 6. O-O c5 7. c3 Qc7 8. h3 Na6
9. Be3 Rb8 10. Na3 b5 11. Rc1 Qa5 12. Qb3 Be6 13. d5 Bd7 14. Ra1 Rfc8 15. Rfc1
Qc7 16. Qd1 b4 17. cxb4 Rxb4 18. Rab1 Rcb8 19. Nc4 Ne8 20. b3 Qc8 21. Kh2 Qd8
22. Bd2 R4b7 23. Bc3 1/2-1/2

[Event "4NCL Division 4 South"]
[Site "Maidenhead, ENG"]
[Date "2020.01.12"]
[Round "4.114"]
[White "Sloan, Hamish"]
[Black "Grey, Nicholas D"]
[Result "1/2-1/2"]
[WhiteElo "1514"]
[BlackElo "1730"]
[PlyCount "109"]
[EventDate "2020.01.12"]
[WhiteTeam "The Pitstop"]
[BlackTeam "CSC 3"]

1. e4 c5 2. c3 Nf6 3. e5 Nd5 4. Bc4 Nb6 5. Bb3 c4 6. Bc2 Nc6 7. Nf3 g6 8. d4
cxd3 9. Qxd3 Bg7 10. Bf4 O-O 11. O-O d6 12. exd6 Bf5 13. Qd1 Bxc2 14. Qxc2 Nd5
15. dxe7 Qxe7 16. Re1 Qc5 17. Be3 Nxe3 18. Rxe3 Rfe8 19. Rxe8+ Rxe8 20. Na3 b5
21. Re1 Rxe1+ 22. Nxe1 a5 23. Nf3 Bf6 24. Nb1 Nb4 25. Qb3 Qf5 26. Nbd2 Nc2 27.
a4 b4 28. Qc4 bxc3 29. bxc3 Na3 30. Qb3 Nc2 31. c4 Nb4 32. Qe3 Qd7 33. h3 Nc2
34. Qb3 Nb4 35. c5 Nc6 36. Qb5 Qd5 37. Qc4 Qd8 38. Ne4 Qd1+ 39. Kh2 Be7 40.
Neg5 Nd8 41. c6 Qd6+ 42. g3 Qxc6 43. Qb3 Qc5 44. Ne4 Qc6 45. Ned2 Kg7 46. Nc4
Qc5 47. Nfd2 Ne6 48. Kg2 Qd5+ 49. Qf3 Qxf3+ 50. Kxf3 Nc5 51. Ke3 Nxa4 52. Nb3
Nc3 53. Nbxa5 Bc5+ 54. Kf3 Nd1 55. Ne3 {Unable to reconstruct remaining moves,
drawn in 98 moves.} 1/2-1/2

[Event "4NCL Division 4 South"]
[Site "Maidenhead, ENG"]
[Date "2020.01.12"]
[Round "4.115"]
[White "Cresswell, Mike J"]
[Black "Fernando, Manel"]
[Result "1-0"]
[WhiteElo "1662"]
[BlackElo "1479"]
[PlyCount "61"]
[EventDate "2020.01.12"]
[WhiteTeam "CSC 3"]
[BlackTeam "The Pitstop"]

1. e4 e5 2. Nf3 Nc6 3. d4 exd4 4. c3 dxc3 5. Bc4 d6 6. Nxc3 Be7 7. h3 Nf6 8.
O-O O-O 9. Nh2 Ne5 10. Bb3 Be6 11. f4 Ned7 12. f5 Bxb3 13. Qxb3 Nc5 14. Qc2 Re8
15. Bd2 c6 16. Kh1 Qc7 17. Rae1 Rad8 18. Ng4 Nh5 19. Re3 Bg5 20. Ref3 Bxd2 21.
Qxd2 Nxe4 22. Nxe4 Rxe4 23. f6 d5 24. fxg7 Ng3+ 25. Rxg3 Qxg3 26. Nh6+ Kxg7 27.
Nf5+ Kf8 28. Nxg3 Re6 29. Qf4 Rd7 30. Qf5 h6 31. Qxe6 1-0

[Event "4NCL Division 4 South"]
[Site "Maidenhead, ENG"]
[Date "2020.01.12"]
[Round "4.121"]
[White "Donaghay, Richard H"]
[Black "Kitchen, Peter J"]
[Result "1/2-1/2"]
[WhiteElo "1840"]
[BlackElo "1674"]
[PlyCount "33"]
[EventDate "2020.01.12"]
[WhiteTeam "Iceni 3"]
[BlackTeam "Celtic Tigers 3"]

1. e4 e6 2. d3 d5 3. Nd2 Nf6 4. e5 Nfd7 5. f4 c5 6. c4 Nc6 7. Ngf3 Be7 8. g3
O-O 9. Bg2 Nb6 10. O-O Qc7 11. b3 Rd8 12. Qe2 a5 13. a4 dxc4 14. dxc4 Nb4 15.
Ne4 Bd7 16. Be3 Bc6 17. Nc3 1/2-1/2

[Event "4NCL Division 4 South"]
[Site "Maidenhead, ENG"]
[Date "2020.01.12"]
[Round "4.122"]
[White "Barker, David J"]
[Black "Rosenbaum, Danny"]
[Result "1-0"]
[WhiteElo "1615"]
[BlackElo "1772"]
[PlyCount "151"]
[EventDate "2020.01.12"]
[WhiteTeam "Celtic Tigers 3"]
[BlackTeam "Iceni 3"]

1. e4 c6 2. d4 d5 3. e5 Bf5 4. g4 Bg6 5. h4 h5 6. g5 e6 7. Ne2 Ne7 8. Ng3 Nf5
9. Nxf5 Bxf5 10. Bd3 Bxd3 11. Qxd3 g6 12. Qb3 Qb6 13. Qxb6 axb6 14. Rh3 Nd7 15.
Bd2 c5 16. Na3 Be7 17. Nb5 O-O 18. Rc3 Rfc8 19. f4 cxd4 20. Rxc8+ Rxc8 21. Nxd4
Rc4 22. Be3 Bc5 23. c3 Bxd4 24. Bxd4 Kf8 25. Kd2 Ke8 26. b3 Rc8 27. b4 b5 28.
Kc2 Ra8 29. Kb3 Ra4 30. Kb2 Nb8 31. Rc1 Nc6 32. Bc5 Kd7 33. Rc2 Nb8 34. Kb1 Na6
35. Bd4 Nxb4 36. cxb4 Rxb4+ 37. Bb2 Rxf4 38. Rh2 Kc6 39. Bc1 Re4 40. Rf2 Rxh4
41. Rxf7 Re4 42. Rf6 Rxe5 43. Rxg6 h4 44. Rf6 Re4 45. g6 Rg4 46. Rxe6+ Kd7 47.
Rf6 h3 48. Rf7+ Kc6 49. Rh7 Rxg6 50. Rxh3 Kc5 51. Rh7 b6 52. Be3+ d4 53. Rc7+
Kd6 54. Bf4+ Kd5 55. Rd7+ Ke4 56. Bc1 Kd3 57. Kb2 Rc6 58. Bg5 Rc2+ 59. Kb1 Rc4
60. Bf6 Rb4+ 61. Ka1 Kc3 62. Rc7+ Kd2 63. Rc6 Ke2 64. Rxb6 d3 65. Re6+ Kd1 66.
Rd6 Kc2 67. Rc6+ Kd1 68. Bg5 Ke2 69. Rd6 Rc4 70. Kb2 Rc2+ 71. Kb3 Rc4 72. Rd5
Rg4 73. Rxb5 Rd4 74. Kc3 d2 75. Bxd2 Rxd2 76. Rb2 1-0

[Event "4NCL Division 4 South"]
[Site "Maidenhead, ENG"]
[Date "2020.01.12"]
[Round "4.123"]
[White "Collicott, Peter J"]
[Black "Portheault, Benjamin"]
[Result "1/2-1/2"]
[WhiteElo "1625"]
[BlackElo "1502"]
[PlyCount "81"]
[EventDate "2020.01.12"]
[WhiteTeam "Iceni 3"]
[BlackTeam "Celtic Tigers 3"]

1. c4 e5 2. g3 Nc6 3. Bg2 f5 4. d3 Nf6 5. Nc3 Bc5 6. e3 O-O 7. Nge2 d6 8. O-O
Qe8 9. Nd5 Nxd5 10. Bxd5+ Kh8 11. d4 Bb6 12. Bg2 Qh5 13. d5 Ne7 14. Nc3 Qxd1
15. Rxd1 a6 16. Bd2 c5 17. Rf1 Bd7 18. Rae1 Ng8 19. f3 Rae8 20. e4 g6 21. Ne2
h6 22. Bc3 Bd8 23. Nf4 Kh7 24. Nh3 g5 25. Nf2 f4 26. g4 Kg6 27. Rb1 a5 28. a3
a4 29. b4 axb3 30. Rxb3 Bc8 31. a4 Re7 32. a5 Rd7 33. Ra1 Bc7 34. Nd3 Nf6 35.
Bf1 Rff7 36. Be2 Rde7 37. Bd1 Nd7 38. Rba3 Nb8 39. Rb1 Bd8 40. Ba4 Kf6 41. Bc2
1/2-1/2

[Event "4NCL Division 4 South"]
[Site "Maidenhead, ENG"]
[Date "2020.01.12"]
[Round "4.124"]
[White "Sturt, Charles A"]
[Black "Balakrishnan, Kathirvel"]
[Result "1-0"]
[WhiteElo "1416"]
[BlackElo "1579"]
[PlyCount "57"]
[EventDate "2020.01.12"]
[WhiteTeam "Celtic Tigers 3"]
[BlackTeam "Iceni 3"]

1. e4 e6 2. d4 d5 3. exd5 exd5 4. Bd3 Nf6 5. Ne2 Bd6 6. Bf4 Be6 7. Qd2 Nc6 8.
c3 Ne7 9. Bxd6 Qxd6 10. Qf4 Qb6 11. Qc1 Bf5 12. Nf4 O-O 13. Be2 c5 14. dxc5
Qxc5 15. O-O Ng6 16. Nh5 Ne4 17. Nd2 Rfe8 18. Nb3 Qb6 19. Nd4 Bd7 20. Qc2 Rac8
21. Rad1 Ne5 22. Ng3 Nxg3 23. hxg3 Nc6 24. Nxc6 Bxc6 25. Rd4 Bb5 26. Bxb5 Qxb5
27. Rfd1 Re2 28. Rxd5 Qe8 29. Qxe2 1-0

[Event "4NCL Division 4 South"]
[Site "Maidenhead, ENG"]
[Date "2020.01.12"]
[Round "4.125"]
[White "Ryan, John"]
[Black "Turner, Jeremy"]
[Result "1-0"]
[WhiteElo "1455"]
[BlackElo "1285"]
[PlyCount "107"]
[EventDate "2020.01.12"]
[WhiteTeam "Iceni 3"]
[BlackTeam "Celtic Tigers 3"]

1. d4 d5 2. Nf3 Nf6 3. Bf4 c5 4. e3 Nc6 5. c3 Bf5 6. Qa4 Bd7 7. Qb3 Qb6 8. dxc5
Qxc5 9. Qxb7 Rc8 10. Qb3 Nh5 11. Be5 Nxe5 12. Nxe5 Nf6 13. Nxd7 Nxd7 14. Bb5
Rd8 15. Qa4 Qb6 16. Nd2 e6 17. O-O Bc5 18. Nf3 Qc7 19. Nd4 Bxd4 20. cxd4 Rc8
21. g3 Ke7 22. Bxd7 Qxd7 23. Qxd7+ Kxd7 24. Rfc1 Kd6 25. Kf1 f6 26. Ke2 e5 27.
dxe5+ fxe5 28. Rxc8 Rxc8 29. Rd1 g5 30. f3 Rc2+ 31. Rd2 Rc1 32. Rd1 Rc2+ 33.
Rd2 Rc1 34. f4 gxf4 35. gxf4 exf4 36. exf4 Rh1 37. Ke3 Rg1 38. Rf2 Rg6 39. f5
Rg8 40. f6 Re8+ 41. Kd3 Rf8 42. Kd4 Rf7 43. b4 Ke6 44. a3 Kd6 45. b5 Ke6 46. a4
Kd6 47. a5 Ke6 48. Rc2 Kf5 49. Rf2+ Ke6 50. b6 axb6 51. axb6 h6 52. Re2+ Kd6
53. Rf2 Ke6 54. Kc5 1-0

[Event "4NCL Division 4 South"]
[Site "Maidenhead, ENG"]
[Date "2020.01.12"]
[Round "4.126"]
[White "Osseiran, Nadim"]
[Black "Kent, Rowan"]
[Result "0-1"]
[WhiteElo "1060"]
[BlackElo "1230"]
[PlyCount "108"]
[EventDate "2020.01.12"]
[WhiteTeam "Celtic Tigers 3"]
[BlackTeam "Iceni 3"]

1. d4 d5 2. Bf4 Nf6 3. e3 Bf5 4. Nf3 e6 5. c4 c5 6. cxd5 exd5 7. Bb5+ Bd7 8.
Bxd7+ Qxd7 9. dxc5 Bxc5 10. O-O O-O 11. Nd4 Bxd4 12. Qxd4 Nc6 13. Qd2 d4 14.
Rd1 Rfd8 15. Kf1 dxe3 16. Qxd7 Rxd7 17. Rxd7 Nxd7 18. Bxe3 Nb4 19. Nc3 Nc2 20.
Rd1 Nxe3+ 21. fxe3 Ne5 22. Nd5 f6 23. e4 Re8 24. Rc1 Nd3 25. Rc7 Rxe4 26. Re7
Rxe7 27. Nxe7+ Kf7 28. Nd5 Nxb2 29. Nc3 Ke6 30. Nb5 a6 31. Nd4+ Ke5 32. Nf3+
Ke4 33. Nd2+ Ke3 34. Nb3 b6 35. Nc1 Nd3 36. Nb3 Nb4 37. a3 Nc2 38. a4 Nd4 39.
Nc1 Kd2 40. Na2 Nc6 41. Kf2 Kc2 42. Ke2 Kb2 43. a5 b5 44. Kd2 Kxa2 45. Ke3 b4
46. g4 g5 47. h4 b3 48. hxg5 fxg5 49. Kd3 b2 50. Kc3 b1=Q 51. Kd2 Qb3 52. Kc1
Qb2+ 53. Kd1 Nd4 54. Ke1 Qe2# 0-1

[Event "4NCL Division 4 South"]
[Site "Maidenhead, ENG"]
[Date "2020.01.12"]
[Round "4.131"]
[White "Angelopoulos, Nicos"]
[Black "Tucker, David S"]
[Result "1-0"]
[WhiteElo "1615"]
[BlackElo "2002"]
[PlyCount "99"]
[EventDate "2020.01.12"]
[WhiteTeam "Barnet Knights 3"]
[BlackTeam "War and Piece"]

1. e4 c5 2. Nf3 Nc6 3. d4 cxd4 4. Nxd4 g6 5. c4 Bg7 6. Be3 Nf6 7. Nc3 Ng4 8.
Qxg4 Nxd4 9. Qd1 Ne6 10. Qd2 Qa5 11. Nd1 Qxd2+ 12. Kxd2 b6 13. Nc3 Bb7 14. f3
O-O 15. Rc1 Rac8 16. b3 f5 17. Bd3 Nc5 18. Bb1 Bxc3+ 19. Kxc3 fxe4 20. b4 Ne6
21. fxe4 d5 22. exd5 Bxd5 23. Kb3 Bxg2 24. Rhg1 Bf3 25. h4 Ng7 26. Bg5 e5 27.
Rge1 Rce8 28. Be4 Ne6 29. Rc3 Kg7 30. Ka4 Nxg5 31. hxg5 Bxe4 32. Rxe4 Rf5 33.
c5 bxc5 34. bxc5 Rxg5 35. c6 h5 36. Kb5 Rf5 37. Rcc4 Rb8+ 38. Ka6 Rf7 39. c7
Rc8 40. Kb7 Rcxc7+ 41. Rxc7 Rxc7+ 42. Kxc7 Kf6 43. Kd6 g5 44. Rxe5 h4 45. Re8
g4 46. Rf8+ Kg5 47. Ke5 h3 48. Rg8+ Kh4 49. Kf4 Kh5 50. Rh8+ 1-0

[Event "4NCL Division 4 South"]
[Site "Maidenhead, ENG"]
[Date "2020.01.12"]
[Round "4.132"]
[White "Thurlow, Kevin J"]
[Black "Agnihotri, Akaash"]
[Result "1-0"]
[WhiteElo "2019"]
[BlackElo "1532"]
[PlyCount "69"]
[EventDate "2020.01.12"]
[WhiteTeam "War and Piece"]
[BlackTeam "Barnet Knights 3"]

1. c4 e5 2. Nc3 d6 3. e3 Nc6 4. Nf3 Nf6 5. d4 e4 6. d5 exf3 7. dxc6 bxc6 8.
Qxf3 d5 9. h3 Bb7 10. Bd2 dxc4 11. Bxc4 Rb8 12. O-O-O c5 13. e4 Bd6 14. Bb5+
Nd7 15. Qg4 c6 16. Bc4 O-O 17. Bh6 Qf6 18. Rxd6 Ne5 19. Rxf6 Nxg4 20. hxg4 gxh6
21. Rfxh6 Rbe8 22. Rxh7 Bc8 23. R7h6 Be6 24. Bxe6 Rxe6 25. Rxe6 fxe6 26. f3 e5
27. Rh6 Rc8 28. Re6 Kf7 29. Rxe5 c4 30. Kd2 c5 31. Nd5 Rd8 32. Kc3 Rh8 33. Rh5
Rb8 34. Ne3 Rb5 35. Nxc4 1-0

[Event "4NCL Division 4 South"]
[Site "Maidenhead, ENG"]
[Date "2020.01.12"]
[Round "4.133"]
[White "Farahi-Far, Mohammad"]
[Black "Chapman, Chas"]
[Result "1/2-1/2"]
[WhiteElo "1487"]
[BlackElo "1709"]
[PlyCount "67"]
[EventDate "2020.01.12"]
[WhiteTeam "Barnet Knights 3"]
[BlackTeam "War and Piece"]

1. c4 c6 2. Nc3 d5 3. cxd5 cxd5 4. d4 Nf6 5. Nf3 h6 6. g3 Bf5 7. Bg2 e6 8. O-O
Be7 9. Qa4+ Nbd7 10. Ne5 O-O 11. Nxd7 Qxd7 12. Qxd7 Nxd7 13. Bd2 Nf6 14. h3
Rac8 15. Kh2 a6 16. f3 b5 17. a3 Rfd8 18. Rf2 Bg6 19. Rc1 b4 20. axb4 Bxb4 21.
e3 a5 22. Na2 Bxd2 23. Rxd2 Rxc1 24. Nxc1 Rc8 25. Nb3 a4 26. Nc5 Ra8 27. Bf1 a3
28. bxa3 Rxa3 29. Bd3 Bxd3 30. Nxd3 Nd7 31. e4 Nb6 32. exd5 exd5 33. Ne1 Nc4
34. Rd3 1/2-1/2

[Event "4NCL Division 4 South"]
[Site "Maidenhead, ENG"]
[Date "2020.01.12"]
[Round "4.134"]
[White "Ross, David C"]
[Black "Sanfey, Peter"]
[Result "1-0"]
[WhiteElo "1679"]
[BlackElo "1485"]
[PlyCount "57"]
[EventDate "2020.01.12"]
[WhiteTeam "War and Piece"]
[BlackTeam "Barnet Knights 3"]

1. e4 d6 2. d4 Nf6 3. Bd3 g6 4. Nf3 Bg7 5. c3 c5 6. dxc5 dxc5 7. O-O O-O 8. Qe2
a5 9. Bf4 Nh5 10. Be3 Bg4 11. Rd1 b6 12. Nbd2 Nc6 13. h3 Be6 14. Bb5 Ne5 15.
Nxe5 Bxe5 16. Nf3 Qc7 17. Nxe5 Qxe5 18. Bh6 Rfc8 19. Bd7 Bxd7 20. Rxd7 Rd8 21.
Rad1 Rxd7 22. Rxd7 Nf6 23. f4 Qe6 24. Rd3 Qxa2 25. Qd1 Ne8 26. Rd8 Rxd8 27.
Qxd8 Qa4 28. Qxe7 Qc6 29. Qf8# 1-0

[Event "4NCL Division 4 South"]
[Site "Maidenhead, ENG"]
[Date "2020.01.12"]
[Round "4.135"]
[White "Prasad, Rupa"]
[Black "O'Byrne, Daniel"]
[Result "0-1"]
[WhiteElo "1442"]
[BlackElo "1669"]
[PlyCount "74"]
[EventDate "2020.01.12"]
[WhiteTeam "Barnet Knights 3"]
[BlackTeam "War and Piece"]

1. e4 c5 2. Nf3 e6 3. Bc4 a6 4. O-O b5 5. Be2 Bb7 6. d3 Qc7 7. Be3 Nf6 8. h3 d5
9. Nbd2 h6 10. c3 dxe4 11. dxe4 Nxe4 12. Rc1 Be7 13. Nxe4 Bxe4 14. c4 b4 15.
Bd3 Bxd3 16. Qxd3 O-O 17. Qe4 Nd7 18. Rfd1 Rad8 19. Qg4 Nf6 20. Bf4 Qb7 21. Qg3
Nh5 22. Qg4 Nxf4 23. Qxf4 Bf6 24. b3 Rxd1+ 25. Rxd1 Rd8 26. Re1 Qd7 27. Ne5 Qd2
28. Qe3 Qxe3 29. Rxe3 Rd2 30. Nd3 Bd4 31. Rf3 Rxa2 32. Kh2 e5 33. Rf5 f6 34. f4
Rd2 35. Nxc5 Bxc5 36. fxe5 fxe5 37. Rxe5 Bd6 0-1

[Event "4NCL Division 4 South"]
[Site "Maidenhead, ENG"]
[Date "2020.01.12"]
[Round "4.136"]
[White "Nelder, Allan"]
[Black "Agnihotri, Sharad"]
[Result "0-1"]
[WhiteElo "1653"]
[BlackElo "1375"]
[PlyCount "24"]
[EventDate "2020.01.12"]
[WhiteTeam "War and Piece"]
[BlackTeam "Barnet Knights 3"]

1. e4 e5 2. Nf3 Nc6 3. Bb5 a6 4. Ba4 b5 5. Bb3 Bc5 6. Nxe5 Nxe5 7. d4 Bxd4 8.
Qxd4 d6 9. O-O Qf6 10. Be3 Qg6 11. f4 Bh3 12. Rf2 Nf3+ 0-1

[Event "4NCL Division 4 South"]
[Site "Maidenhead, ENG"]
[Date "2020.01.12"]
[Round "4.141"]
[White "Vig, Sanjay"]
[Black "Carter, Gavin"]
[Result "1-0"]
[WhiteElo "1510"]
[BlackElo "1262"]
[PlyCount "79"]
[EventDate "2020.01.12"]
[WhiteTeam "Watford 2"]
[BlackTeam "Barnet Knights 4"]

1. e4 c5 2. Nc3 e6 3. Bc4 b6 4. d3 Bd6 5. f4 Nc6 6. Nf3 a6 7. a4 Bb7 8. O-O Qc7
9. Ng5 f6 10. e5 Be7 11. exf6 Nxf6 12. f5 O-O-O 13. Nf7 Ne5 14. Bf4 Qc6 15. Bd5
exd5 16. Nxe5 Qc7 17. Nf7 d6 18. d4 Rhg8 19. Qe2 Rde8 20. Qe6+ Qd7 21. Bxd6
Qxe6 22. fxe6 Ne4 23. Nxe4 dxe4 24. dxc5 bxc5 25. Rf5 Bc6 26. Rxc5 Kb7 27. b4
Bf6 28. Be5 Rxe6 29. c3 Rf8 30. Nd6+ Rxd6 31. Bxd6 Rd8 32. Be5 Rd2 33. b5 axb5
34. axb5 Kb6 35. Rxc6+ Kxb5 36. Rc7 Bd8 37. Rb1+ Ka6 38. Rc6+ Ka5 39. c4 Bg5
40. Bc3+ 1-0

[Event "4NCL Division 4 South"]
[Site "Maidenhead, ENG"]
[Date "2020.01.12"]
[Round "4.142"]
[White "Ford, Conor"]
[Black "Hylands, Keith A"]
[Result "1-0"]
[WhiteElo "1315"]
[BlackElo "1397"]
[PlyCount "75"]
[EventDate "2020.01.12"]
[WhiteTeam "Barnet Knights 4"]
[BlackTeam "Watford 2"]

1. d4 d5 2. e3 e6 3. Bd3 Nf6 4. Nd2 Bd6 5. f4 Nbd7 6. Ngf3 c5 7. c3 c4 8. Bc2
Nf8 9. O-O Ng6 10. Ne5 Bc7 11. Ndf3 Nd7 12. Nxd7 Bxd7 13. Ne5 f5 14. Rb1 Bxe5
15. fxe5 b6 16. b3 Bb5 17. bxc4 Bxc4 18. Ba4+ Kf8 19. Rf3 Bxa2 20. Rb2 Bc4 21.
Qe1 a6 22. g4 Ne7 23. gxf5 Nxf5 24. Bc2 g6 25. e4 dxe4 26. Bxe4 Bd5 27. Bxd5
Qxd5 28. Rbf2 h5 29. Qd2 Kg7 30. Qg5 Raf8 31. Rg2 Rh6 32. Rxf5 Rxf5 33. Qxh6+
Kf7 34. Qxg6+ Ke7 35. Qh7+ Ke8 36. Rg8+ Rf8 37. Rxf8+ Kxf8 38. Ba3+ 1-0

[Event "4NCL Division 4 South"]
[Site "Maidenhead, ENG"]
[Date "2020.01.12"]
[Round "4.143"]
[White "Dasgupta, Avyukt"]
[Black "Ibrahim, Amir"]
[Result "1-0"]
[WhiteElo "1392"]
[BlackElo "1330"]
[PlyCount "79"]
[EventDate "2020.01.12"]
[WhiteTeam "Watford 2"]
[BlackTeam "Barnet Knights 4"]

1. e4 e5 2. f4 d6 3. Nf3 Nc6 4. c3 Nf6 5. Qc2 g6 6. d4 exf4 7. Bxf4 Bg7 8. Bc4
O-O 9. Nbd2 Re8 10. O-O-O Ng4 11. Rhf1 Bd7 12. Ng5 Rf8 13. Qb3 Qe7 14. Nxf7
Rxf7 15. Bxd6 Qxd6 16. Rxf7 Kh8 17. e5 Ngxe5 18. dxe5 Nxe5 19. Ne4 Bh6+ 20. Kb1
Qxd1+ 21. Qxd1 Nxf7 22. Qxd7 Ne5 23. Qxc7 Nxc4 24. Qxc4 Rf8 25. Kc2 Bg7 26. Nd6
h6 27. Nxb7 h5 28. Nc5 a6 29. Ne6 Rg8 30. Nxg7 Rxg7 31. Qxa6 Kh7 32. b4 Kh6 33.
b5 h4 34. b6 Kh5 35. b7 g5 36. b8=Q Rh7 37. Qe2+ Kg6 38. Qd6+ Kg7 39. Qee7+ Kh8
40. Qdd8# 1-0

[Event "4NCL Division 4 South"]
[Site "Maidenhead, ENG"]
[Date "2020.01.12"]
[Round "4.144"]
[White "Wolstenholme, Scarlet"]
[Black "Ramesh, Karthik R"]
[Result "0-1"]
[WhiteElo "1285"]
[BlackElo "1285"]
[PlyCount "122"]
[EventDate "2020.01.12"]
[WhiteTeam "Barnet Knights 4"]
[BlackTeam "Watford 2"]

1. d4 f5 2. c4 e6 3. Nf3 Nf6 4. g3 b6 5. Bg2 Bb7 6. O-O Be7 7. Bf4 O-O 8. Nbd2
d6 9. Qc2 Ne4 10. Nxe4 fxe4 11. Nd2 d5 12. f3 dxc4 13. Nxc4 Qxd4+ 14. Be3 Qd7
15. Rad1 Bd6 16. Bf4 Bc5+ 17. e3 Qe7 18. fxe4 Nd7 19. Bxc7 Rxf1+ 20. Rxf1 b5
21. Ne5 Rc8 22. Rf7 Bxe3+ 23. Kh1 Qc5 24. Qxc5 Nxc5 25. Bd6 Nxe4 26. h4 Nxg3+
27. Kh2 Bxg2 28. Kxg2 Nf5 29. Bb4 Nxh4+ 30. Kh3 Ng6 31. Rf3 Nf4+ 32. Kg3 Nd5
33. Bd6 Rd8 34. Ng4 Rxd6 35. Nxe3 Nxe3 36. Rxe3 h5 37. Re5 Rd3+ 38. Kh4 g6 39.
Rxe6 Kg7 40. Kg5 Rg3+ 41. Kh4 Rg4+ 42. Kh3 Rf4 43. Re7+ Rf7 44. Re5 Rf5 45.
Re7+ Kh6 46. Rxa7 Rf3+ 47. Kg2 Rf4 48. Kg3 g5 49. Ra6+ Kg7 50. Kh3 Rf3+ 51. Kg2
g4 52. Re6 h4 53. Re4 Rg3+ 54. Kh2 Kf6 55. Rb4 Kf5 56. Rxb5+ Kf4 57. Rb4+ Kf3
58. Rb3+ Kf2 59. Rc3 Rxc3 60. bxc3 g3+ 61. Kh3 g2 0-1

[Event "4NCL Division 4 South"]
[Site "Maidenhead, ENG"]
[Date "2020.01.12"]
[Round "4.145"]
[White "Tharkabhushanam, Anirvin"]
[Black "Ford, Stephen"]
[Result "1-0"]
[WhiteElo "1300"]
[BlackElo "1000"]
[PlyCount "53"]
[EventDate "2020.01.12"]
[WhiteTeam "Watford 2"]
[BlackTeam "Barnet Knights 4"]

1. e4 c5 2. Nf3 Nc6 3. Bc4 Nh6 4. O-O d6 5. d3 Be6 6. Bxe6 fxe6 7. Nc3 e5 8.
Ng5 Nd4 9. Nd5 Qd7 10. c3 Ne6 11. Nxe6 Qxe6 12. Nc7+ Kd7 13. Nxe6 Kxe6 14. Qb3+
Kd7 15. Qxb7+ Ke8 16. Qxa8+ Kf7 17. f4 Ke6 18. fxe5 g5 19. Qd5+ Kd7 20. Bxg5
Bg7 21. Bxh6 Bxh6 22. Rf7 Rb8 23. e6+ Kc7 24. Rxe7+ Kb6 25. Qxd6+ Ka5 26. b4+
Ka4 27. Qa6# 1-0

[Event "4NCL Division 4 South"]
[Site "Maidenhead, ENG"]
[Date "2020.01.12"]
[Round "4.146"]
[White "Vaidya, Pranav"]
[Black "George, Seb"]
[Result "1/2-1/2"]
[WhiteElo "805"]
[BlackElo "1250"]
[PlyCount "89"]
[EventDate "2020.01.12"]
[WhiteTeam "Barnet Knights 4"]
[BlackTeam "Watford 2"]

1. c4 e5 2. Nc3 Nf6 3. Nf3 Nc6 4. e4 Bb4 5. d3 d6 6. Be2 h6 7. O-O Be6 8. Bd2
Nd4 9. Qa4+ Nc6 10. a3 Bxc3 11. Bxc3 Qd7 12. Qc2 g5 13. d4 exd4 14. Nxd4 Nxd4
15. Bxd4 Ke7 16. Rad1 b6 17. e5 dxe5 18. Bxe5 Qc6 19. Bxf6+ Kxf6 20. Bf3 Qxc4
21. Qb1 Bf5 22. Rc1 Qxf1+ 23. Kxf1 Bxb1 24. Rxb1 Rad8 25. Rc1 c5 26. Rc4 Rd1+
27. Bxd1 Rd8 28. Ke1 Re8+ 29. Kd2 Rd8+ 30. Kc2 Rd5 31. Bf3 Rf5 32. Rc3 Ke5 33.
Rd3 Rf4 34. Rd7 g4 35. Bd1 Rxf2+ 36. Kd3 Rxg2 37. Rxf7 Rxh2 38. Bxg4 Rxb2 39.
Rxa7 b5 40. Ra6 b4 41. Rxh6 bxa3 42. Ra6 Rb4 43. Bh5 Rh4 44. Bf7 Rf4 45. Ra7
1/2-1/2

[Event "4NCL Division 4 South"]
[Site "Maidenhead, ENG"]
[Date "2020.01.12"]
[Round "4.203"]
[White "Smith, Steven J"]
[Black "Finn, Thomas"]
[Result "1/2-1/2"]
[WhiteElo "1658"]
[BlackElo "1900"]
[PlyCount "33"]
[EventDate "2020.01.12"]
[WhiteTeam "Wessex D"]
[BlackTeam "Sussex Martlets 3"]

1. d4 d5 2. Bg5 Bf5 3. Nf3 c6 4. e3 Qb6 5. Qc1 e6 6. Be2 Bd6 7. O-O Nd7 8. c4
Be7 9. Bxe7 Nxe7 10. Nc3 O-O 11. Qd2 Rfd8 12. cxd5 cxd5 13. Rfc1 Rac8 14. a3 a6
15. Na4 Qd6 16. Rxc8 Rxc8 17. Rc1 1/2-1/2

[Event "4NCL Division 4 South"]
[Site "Maidenhead, ENG"]
[Date "2020.01.12"]
[Round "4.206"]
[White "Michaud, Gerald"]
[Black "Deacon, Nicholas"]
[Result "1-0"]
[WhiteElo "1842"]
[BlackElo "1300"]
[PlyCount "91"]
[EventDate "2020.01.12"]
[WhiteTeam "Sussex Martlets 3"]
[BlackTeam "Wessex D"]

1. d4 Nf6 2. Nf3 g6 3. e3 Bg7 4. Bd3 O-O 5. O-O d5 6. Nbd2 Nbd7 7. b3 c5 8. Bb2
Qc7 9. Qe2 Nh5 10. c4 cxd4 11. Nxd4 dxc4 12. Nxc4 Ne5 13. Nxe5 Bxe5 14. f4 Bg7
15. Nb5 Qb6 16. Bxg7 Nxg7 17. Kh1 Nf5 18. e4 Ne3 19. Rf3 Ng4 20. h3 Nf6 21.
Raf1 Bd7 22. f5 Bc6 23. Nc3 Qd4 24. Bb1 gxf5 25. Rxf5 Qxc3 26. Rxf6 Qxf6 27.
Rxf6 exf6 28. Qg4+ Kh8 29. Qf5 Rg8 30. e5 Bxg2+ 31. Kh2 Rg6 32. h4 Rd8 33. h5
Rd2 34. Qc8+ Kg7 35. hxg6 Be4+ 36. Kh3 Bxb1 37. exf6+ Kxg6 38. Qg4+ Kxf6 39.
Qh4+ Kg6 40. Qg3+ Kf6 41. Qc3+ Kg6 42. Qxd2 Bf5+ 43. Kh4 f6 44. Qb4 b6 45. Qe7
a6 46. Qb7 1-0